000 01037nam a2200289Ia 4500
003 OSt
005 20221007125358.0
006 a|||||r|||| 00| 0
007 ta
008 221006b |||||||| |||| 00| 0 eng d
020 _a0070992908 (pbk)
_cRs.165.00
024 _a9634
037 _bDhanraj,
_cTextual
040 _aCDL
_cCDL
_beng
041 _2eng
_aeng
082 _aE5:28, K2;11
100 _aEliel Ernest L
_9311007
245 0 _aStereochemistry of carbon compounds by Ernest L Eliel
260 _aNew
_bDelhi Tata McGraw-Hill Publishing Co. Ltd.
_c1962
300 _axv, 486p
_ccm.
500 _aIncludes bibliographical references; Index 455-486p; ^n23/CSL/CARC/2002-2003/379^d2002-09-25^mPurchase; ; 2002-03/309^b2002-10-24^c081^d2002-10-16^eRs.10,653.00^fDhanraj Book House; ; 2002-11-08^bSB^c2002-11-08^dRPS
650 _a Organic Compounds
650 _a Stereochemistry
650 _aChemistry
942 _hE5:28, K2;11
_cTEXL
_2CC
999 _c1215174
_d1215174